00385nam a2200145Ia 4500003000900000005001700009008004100026040003300067041000800100080001200108100001400120245003200134260004400166300002900210LK-CoDNM20240801101916.0010623t1922 xxu||||| |||| 00| 1 eng d aLK-CoDNMdLK-CoDNMeLK-CoDNM aeng a8 bM23 aKale,M.R. aThe Raghuvoms a of Kalidasa bGopal Narayen and CompanyaBombayc1922 bxli, 500p. : map ; 20 cm